| 000 | 01157nam0a22003011 4500 | ||
|---|---|---|---|
| 001 | v19\rc\1934928 | ||
| 005 | 20251118180750.2 | ||
| 035 | _a(NLR Aleph) 005019413 | ||
| 090 |
_a6572916 _c6572916 |
||
| 100 | _a20080404d1912 u y0rusy50 ca | ||
| 101 | 0 | _arus | |
| 102 | _aRU | ||
| 105 | _aac z ||||| | ||
| 200 | 1 |
_aСмоленская Зосимова пустынь _f(Впечатления паломника в Зосимову пустынь) |
|
| 205 | _a2-е изд. | ||
| 210 |
_aСергиев Посад _cтип. Св.-Троиц. Сергиевой лавры _d1912 |
||
| 215 |
_a36 с., 5 л. ил., портр. _d19 |
||
| 300 | _a1-е изд. вышло под загл.: Прииди и виждь! | ||
| 451 | 0 |
_12001#$aПрииди и виждь! _1205##$a1-е изд. _tПрииди и виждь! |
|
| 712 | 0 | 2 |
_aСмоленская Зосимова мужская пустынь _cВладимир. губ. |
| 801 | 0 |
_aRU _bNLR _gpsbo |
|
| 801 | 0 |
_aRU _bRuMoRGB _2psbo |
|
| 801 | 1 |
_aRU _bProSoft-M _2rusmarc |
|
| 852 |
_aNLR _j18.283.9.34 |
||
| 899 |
_aRuMoRGB _jR 444/630 |
||
| 899 |
_aRuMoRGB _jR 451/74 |
||
| 942 | _cBOOK | ||
| 980 | _aNB | ||